| 000 | 00633nam a22001937a 4500 | ||
|---|---|---|---|
| 005 | 20170621153244.0 | ||
| 010 | _aENG-118843 | ||
| 020 |
_a9781470438425 _c1090.00 |
||
| 035 | _aEN-102375 | ||
| 037 | _bDBAD/PUB | ||
| 082 | _a512 | ||
| 100 | _aRempe, Lasse | ||
| 245 |
_aPrimality testing for beginners / _cby Lasse Rempe [and] Rebecca Waldecker |
||
| 260 |
_aTelangana _bAmerican Mathematical Society _c2017 |
||
| 270 | _a3-6-747/A 7 3-6-754/1, Himayatnagar Hyderabad-500029, Telangana, India | ||
| 300 |
_aix,244p _c22cm.(pbk) |
||
| 500 | _aIncludes bibliographical refrence | ||
| 942 |
_2ddc _cEN _h512 _mREM |
||
| 999 |
_c141719 _d141719 |
||